000 00314nam a2200133Ia 4500
008 201214s9999 xx 000 0 und d
100 _aDeaton, Angus
245 0 _aEconomics and consumer behaviour
260 _aCambridge
260 _bCambridge University Press
260 _c1982
300 _a450
942 _cBK
999 _c6008
_d6008